000 00567 a2200133 4500
082 _a378.242
100 _aYousra Javed
_9106847
245 _aStrength evaluation of visual text captchas [project report MSCSE-1]
_cYousra Javed
260 _aIslamabad
_bNUST School of Electrical Engineering and Computer Science
_c2011
300 _ax, 46p.
_bill.:
_c36cm
_eCD-ROM
500 _aSupervisors: Dr. Syed Ali Khayam, Dr. M. Murtaza Khan, Dr. Fauzan Mirza, Dr. Khawar Khurshid
856 _uhttp://10.250.8.41:8080/xmlui/handle/123456789/32022
942 _cPR
_k378.242 YOU
_2ddc
999 _c10720
_d10720